| 000 | 00448nam a2200145Ia 4500 | ||
|---|---|---|---|
| 008 | 231129s1997||||xx |||||||||||||| ||spa|| | ||
| 020 | _a958-20-0058-9 | ||
| 040 | _bspa | ||
| 082 | _a372.414 P855p | ||
| 100 | _aPosada A. Rodolfo | ||
| 245 | 0 | _aPromoción automática y enseñanza de la lectoescritura | |
| 260 | _c1997 | ||
| 264 | _aBogotá Colombia : Cooperativa Editorial Magisterio | ||
| 942 |
_2ddc _cBKS |
||
| 999 |
_c23358 _d23358 |
||